Deutsche Bundespräsidenten in der richtigen Reihenfolge - Whammies - Statistiken

Allgemein
  • Dieses Quiz wurde 32 mal gespielt
  • Das Durchschnittsergebnis liegt bei 6 aus 12
Antwortstatistiken
Regierungszeit Bundespräsident Partei % Korrekt
1949-1959 Theodor Heuss FDP
96%
2017-2027 Frank-Walter Steinmeier SPD
74%
2012-2017 Joachim Gauck parteilos
70%
2010-2012 Christian Wulff CDU
56%
1974-1979 Walter Scheel FDP
52%
2004-2010 Horst Köhler CDU
44%
1999-2004 Johannes Rau SPD
44%
1969-1974 Gustav Heinemann SPD
41%
1984-1994 Richard von Weizsäcker CDU
37%
1959-1969 Heinrich Lübke CDU
33%
1979-1984 Karl Carstens CDU
33%
1994-1999 Roman Herzog CDU
33%
Keine übereinstimmenden Quizze gefunden
Verteilung der Resultate
Anzahl Personen mit jedem Resultat
Perzentil nach korrekt beantworteten Fragen
Ihre Resultats-Entwicklung
Sie haben dieses Quiz noch nicht gespielt